| 000 | 02011cam a22004453a 4500 | ||
|---|---|---|---|
| 001 | 11512 | ||
| 003 | PGUSA | ||
| 005 | 20140828083237.0 | ||
| 008 | 040301s2004||||xxu|||||s|||||000 | eng d | ||
| 040 |
_aPGUSA _beng |
||
| 042 | _adc | ||
| 050 | 4 | _aPS | |
| 245 | 1 | 0 |
_aO. Henry Memorial Award Prize Stories of 1921 _h[electronic resource] |
| 260 |
_bProject Gutenberg, _c2004 |
||
| 505 | 0 | _aThe heart of little Shikara. By Marshall -- The man who cursed the lilies. By Jackson -- The urge. By Allen -- Mummery. By Beer -- The victim of his vision. By Chittenden -- Martin Gerrity gets even. By Cooper and Creagan -- Stranger things. By Cram -- Comet. By Derieux -- Fifty-two weeks for Florette. By Heermann -- Wild earth. By Kerr -- The tribute. By Kniffin -- The get-away. By Lewis -- "Aurore." By Mumford -- Mr. Downey sits down. By Robbins -- The marriage in Kairwan. By Steele -- Grit. By Tupper. | |
| 506 | _aPublic domain in the USA. | ||
| 516 | _aElectronic text | ||
| 653 | _aShort stories, American -- Periodicals | ||
| 700 | 1 |
_aCooper, Courtney Ryley, _d1886-1940 |
|
| 700 | 1 |
_aCram, Mildred, _d1889-1985 |
|
| 700 | 1 |
_aTupper, Tristram, _d1884-1954 |
|
| 700 | 1 |
_aAllen, Maryland, _d-1927 |
|
| 700 | 1 |
_aKerr, Sophie, _d1880-1965 |
|
| 700 | 1 |
_aBeer, Thomas, _d1889-1940 |
|
| 700 | 1 | _aCreagan, Leo F. | |
| 700 | 1 |
_aMarshall, Edison, _d1894-1967 |
|
| 700 | 1 |
_aSteele, Wilbur Daniel, _d1886-1970 |
|
| 700 | 1 |
_aDerieux, Samuel A. _q(Samuel Arthur), _d1881-1922 |
|
| 700 | 1 |
_aAlexander, Elizabeth _q(Elizabeth Alexander Heermann) |
|
| 700 | 1 |
_aJackson, Charles Tenney, _d1874- |
|
| 700 | 1 |
_aChittenden, Gerald, _d1882- |
|
| 700 | 1 |
_aLewis, Orlando Faulkland, _d1873-1922 |
|
| 700 | 1 |
_aGrant, Ethel Watts Mumford, _d1878-1940 |
|
| 700 | 1 |
_aWilliams, Blanche Colton, _d1879-1944 |
|
| 700 | 1 | _aKniffin, Harry Anable | |
| 700 | 1 |
_aRobbins, Leonard H. _q(Leonard Harman), _d1877-1947 |
|
| 830 | 0 |
_aProject Gutenberg _v11512 |
|
| 856 | 4 | 0 | _uhttp://www.gutenberg.org/ebooks/11512 |
| 942 | _cEB | ||
| 999 |
_c240767 _d240767 |
||